Calles, avenidas y bulevares famosos #2 - Estadísticas

Estadísticas generales
  • Esta prueba ha sido intentada 47 veces
  • La puntuación promedio es 2 de 12
Estadísticas de respuestas
Pista Nombre de la vía % Correcto
Serie de calles que se recorren peatonalmente en Barcelona, son principalmente conocidad por su animado ambiente turístico lleno de cafés, restaurantes y tiendas La Rambla
90%
Avenida en la ciudad de Nueva York que alberga la bolsa de valores de los Estados Unidos Wall Street
66%
Avenida londinense que conduce al Palacio de Buckingham The Mall
17%
Avenida más importante de la ciudad de Cancún, encuentra su origen en el aeropuerto de la ciudad y recorre toda la línea costera hasta la salida de la misma Avenida Kukulkan
10%
Avenida principal de la ciudad de Chicago Avenida Michigan
10%
Calle en Ámsterdam que conecta la Estación Central con la Plaza Dam Calle Damrak
5%
Pequeña calle cerca del río Chao Phraya en Bangkok, hoy por hoy es un destino imperdible para los viajeros debido a la cantidad de tiendas y mercados en ella y a los alojamientos tan baratos que ofrece Khao San Road
5%
Avenida en Ciudad del Cabo convertida desde hace algunos años en "el corazón fiestero de la ciudad", cientos de turistas visitan sus restaurantes y tiendas todos los días Long Street
5%
Bulevar más importante de la ciudad de Querétaro, une el centro de la ciudad con las diversas salidas de la misma Bulevar Bernardo Quintana
2%
Pequeña calle de no más de 1km en Porto Alegre, fue nombrada como la "calle más bonita del mundo" en 2008 debido a que los árboles que la delimitan se cierran formando un túnel Calle Gonçalo de Carvalho
2%
Enorme avenida en Estambul que recorre la ciudad de un extremo a otro, es famosa por su precioso recorrido en tranvía Calle Istiklal
2%
Larga avenida en Dubai que recorre la línea costera de la ciudad, desde ella se puede apreciar la famosa Palma de Dubai y el hotel Burj Al Arab Calle Jumeira
2%
No se encontraron pruebas coincidentes
Distribución de puntuación
Porcentaje de gente con cada puntuación
Porcentaje por número respondido
Historial de tus puntuaciones
No has intentado esta prueba.